00507nam a22001337a 4500008004100000082001700041100002700058245012100085260006300206300002500269502003200294504002800326650001900354230105b |||||||| |||| 00| 0 eng d a581.634/N34e aNemkul, Chandra Mohini aEthnobotany and antimicrobial study of selected medicinal plants used by magar community in Nawalpur district, Nepal aKathmandu:bTU, Institute of Science and Technology,c2022 bxviii, 190p. ;illus. aThesis (Ph.D.in Botany), TU aBibliography: p.160-190 aMedical plants